Portrait d'un inconnu
Збережено в:
| Автор: | |
|---|---|
| Формат: | Книга |
| Мова: | Французька |
| Опубліковано: |
París
Gallimard
1956
|
| Серія: | Roman
|
| Предмети: | |
| Теги: |
Додати тег
Немає тегів, Будьте першим, хто поставить тег для цього запису!
|
MARC
| LEADER | 00000nam a2200000 a 4500 | ||
|---|---|---|---|
| 001 | UCR4349 | ||
| 003 | CL-VaPUC | ||
| 008 | 980307e19560000FR |||||||||||||||||fre|d | ||
| 082 | 0 | 4 | |a 843 |b SAR |2 21 |
| 100 | 0 | |a Sarraute, Nathalie |e author |9 404302 | |
| 245 | 1 | 0 | |a Portrait d'un inconnu |
| 300 | |a 238 p | ||
| 942 | |c BK | ||
| 945 | |d 19980307 00:00:00 |a aolguin | ||
| 260 | |a París |b Gallimard |c 1956 | ||
| 650 | 0 | |a Novela francesa |9 264985 | |
| 650 | 0 | |a Literatura francesa |9 266330 | |
| 583 | |a last modification |c 19980307 00:00:00 |k Rodrigo Vera | ||
| 490 | 0 | |a Roman | |
| 999 | |c 267292 |d 267290 | ||
| 952 | |0 0 |1 0 |4 0 |6 843_000000000000000_SAR_1956 |7 0 |8 P |9 299564 |a BIBDER |b BIBDER |d 2019-11-20 |i 1952706 |o 843 SAR 1956 |p 1952706 |r 2023-01-25 |w 2019-11-20 |y BK |k DER | ||